Statistiques concernant Vocabulaire espagnol 4

Cliquez ici pour prendre le quiz!

Statistiques générales

  • Ce quiz a été pris 36 fois
  • Le résultat moyen est 9 sur 50

Statistiques - réponses

Mots FRMots ES% Correct
TexteTexto
74%
MessageMensaje
70%
PasseportPasaporte
48%
SonnetteTimbre
43%
DrapeauBandera
39%
SavonJabon
39%
JournalPeriodico
39%
ValiseMaleta
35%
Sac à dosMochila
35%
CotonAlgodon
30%
CendrierCenicero
30%
CigaretteCigarillo
30%
BarbecueBarbacoa
22%
CheminéeChimenea
22%
BijouxJoyas
22%
JouetJuguete
22%
CiseauxTijeras
22%
VaisselleVajilla
22%
CordeCuerda
17%
FauteuilSillon
17%
BrosseCepillo
13%
DentifriceDentifrico
13%
OutilHerramienta
13%
MarteauMartillo
13%
MagazineRevista
13%
EnveloppeSobre
13%
PlateauBandeja
9%
ClouClavo
9%
RobinetGrifo
9%
TimbreSello
9%
PoussetteCochecito
4%
SeauCubo
4%
DéodorantDesodorante
4%
TournevisDestornillador
4%
VaseFlorero
4%
ParfumFragancia
4%
CrèmeNata
4%
PellePala
4%
PeignePeine
4%
RemorqueRemolque
4%
Sèche lingeSecadora
4%
VisTornillo
4%
TorchonTrapo
4%
CanalisationsTuberias
4%
CasseroleCazo
0%
BarrièreCerca
0%
RasoirNavaja de afeitar
0%
Sèche-cheveuxSecador de pelo
0%
PerceuseTaladro
0%
BandageVendaje
0%

Distribution des résultats

Percentile par nombre de réponses

% des personnes avec chaque résultat

Votre développement - résultats

Vous n’avez pas pris ce quiz